000 00768nam a2200217Ia 4500
999 _c37836
_d37836
001 3814
003 GE_BSU
005 20190823163851.0
008 181216s1976||||ge |||||||||||||| ||geo||
040 _cGE_BSU
041 _ageo
080 _a27–23 კ–78
100 _aკოსიდოვსკი, ზენონ
_9782
245 _aბიბლიური თქმულებები /
_cრუსულიდან თარგმნა ფილიპე ბერიძემ.
264 _a თბ. :
_bნაკადული,
_c1976.
300 _a453 გვ.;
_b21 სმ.
653 _aრელიგია
653 _a ბიბლია
700 _aბერიძე, ფ.
_eმთარგმნელი
_93766
942 _cBK
_2udc